| 000 | 00829nam a22002777a 4500 | ||
|---|---|---|---|
| 003 | CHAP | ||
| 005 | 20220329134542.0 | ||
| 008 | 971013s1964 r 00010 d | ||
| 010 | _a22085 | ||
| 011 | _a23057 | ||
| 035 | _a27152 | ||
| 040 | _cCHAP | ||
| 082 |
_a551.21 _bC8 |
||
| 100 | 0 | 0 |
_aCoen, Elliot. _924327 |
| 245 | _aIntroducción al estudio de las erupciones del volcán Irazú | ||
| 260 |
_aSan José : _bUniversidad de Costa Rica, _c1964 |
||
| 300 | _a78 p. | ||
| 490 |
_aSerie Ciencias naturales _v; 4 |
||
| 590 |
_aBATCH-UPD _b10 _c20130110 _lUCH01 _h1831 |
||
| 590 |
_aCONVERSION _b10 _c20130109 _lUCH01 _h1313 |
||
| 650 | 1 | 4 |
_aVolcanes. _9120637 |
| 830 | 0 |
_aSerie Ciencias naturales _v; 4 _9104648 |
|
| 901 | _aBK | ||
| 942 | _cLIBRO | ||
| 949 |
_a551.21 C8 _bBC _cLIBRO _d33724000445847 _eLIBRO _h41645 _i27152 _mD _si |
||
| 999 |
_c22085 _d22085 |
||